OT 2023 - Todas las galas - Estadísticas

Estadísticas generales
  • Esta prueba ha sido intentada 177 veces
  • La puntuación promedio es 45 de 134
Estadísticas de respuestas
Concursante y gala Respuesta % Correcto
GALA 1 - Violeta y Denna Padam Padam
81%
GALA 1 - Juanjo y Salma A tu vera
78%
GALA 0 - Naiara | GALA 12 (2ª ronda) - Naiara Me muero
75%
GALA 3 - Chiara y Violeta I Kissed a Girl
73%
GALA 2 - Naiara, Omar y Salma Se fue
72%
GALA 1 - Naiara y Álvaro Para no verte más
69%
GALA 1 - Martin y Alex Tiroteo
69%
GALA 3 - Naiara Tómame o déjame
68%
GALA 3 - Grupal Dime
61%
GALA 3 - Juanjo, Álvaro y Bea Unholy
61%
GALA 1 - Chiara y Paul El encuentro
60%
GALA 0 - Ruslana | GALA 12 (2ª ronda) - Ruslana I Love Rock 'n' Roll
60%
GALA 1- Grupal Libertad
60%
GALA 3 - Ruslana y Martin Inmortal
59%
GALA 1 - Lucas y Omar Acalorado
58%
GALA 2 - Alex y Violeta Quiero decirte
58%
GALA 4 - Lucas, Alex y Chiara Perreo Bonito
57%
GALA 4 - Naiara y Ruslana Salvaje
57%
GALA 3 - Denna y Salma Péiname Juana
56%
GALA 4 - Juanjo y Martin God Only Knows
52%
GALA 6 - Chiara Mía
52%
GALA 4 - Denna Dragón
51%
GALA 2 - Álvaro y Denna El fin del mundo
51%
GALA 8 - Naiara La gata bajo la lluvia
49%
GALA 1 - Ruslana y Cris Save Your Tears
49%
GALA 2 - Ruslana, Bea y Chiara Walk Like an Egyptian
49%
GALA 5 - Ruslana SloMo
45%
GALA 2 - Paul y Martin Little Green Bag
44%
GALA 2 - Lucas Dígale
43%
GALA 5 - Naiara y Lucas Corazón hambriento
42%
GALA 0 - Violeta Crazy
42%
GALA 5 - Salma Cuando zarpa el amor
42%
GALA 9 - Naiara y Juanjo La cigarra
42%
GALA 0 - Paul Thin | GALA 12 (2ª ronda) - Paul Thin Way down we go
42%
GALA 5 - Alex Bailemos
41%
GALA 8 - Martin y Chiara Escriurem
41%
GALA 5 - Paul y Juanjo La vida moderna
41%
GALA 0 - Martin Somewhere Only We Know
41%
GALA 4 - Violeta Es por ti
39%
GALA 7 - Paul y Ruslana Ptazeta: BZRP Music Sessions, Vol. 45
38%
GALA 6 - Grupal Quevedo: Bzrp Music Sessions, Vol. 52
38%
GALA 7 - Violeta Blue Lights
36%
GALA 4 - Bea Peces de ciudad
36%
GALA 12 (1ª ronda) - Naiara Sobreviviré
36%
GALA 8 - Cris ¿Y cómo es él?
36%
GALA 1 - Bea y Suzete Young Hearts Run Free
36%
GALA 6 - Naiara y Cris El farsante
35%
GALA 6 - Ruslana y Juanjo I Put a Spell on You
35%
GALA 3 - Alex Ladrona
35%
GALA 2 - Juanjo y Cris Leave the Door Open
35%
GALA 5 - Bea y Violeta Only you
35%
GALA 11 - Juanjo El Patio
34%
GALA 8 - Ruslana miamor
34%
GALA 8 - Juanjo Miénteme
34%
GALA 11 - Grupal Aire
33%
GALA 11 - Paul Thin Fiebre
33%
GALA 6 - Martin Alors on danse
32%
GALA 6 - Álvaro y Violeta Flowers
32%
GALA 3 - Omar La canción más hermosa del mundo
32%
GALA 0 - Denna A ella
31%
GALA 6 - Bea y Lucas Eye of the Tiger
31%
GALA 7 - Martin Tenía tanto que darte
31%
GALA 7 - Chiara The Climb
31%
GALA 12 (1ª ronda) - Ruslana Zombie
31%
GALA 8 - Paul y Álvaro Amapolas
30%
GALA 2 - Suzete A Song for You
30%
GALA 4 - Paul y Salma Bad Habits
30%
GALA 10 - Ruslana El mundo
30%
GALA 9 - Ruslana Beggin'
28%
GALA 6 - Alex Contigo
28%
GALA 5 - Martin y Álvaro Dynamite
28%
GALA 11 - Ruslana Let Me Out
28%
GALA 10 - Bea Se acabó
28%
GALA 12 (1ª ronda) - Martin Golden hour
27%
GALA 12 - Grupal Last Dance
27%
GALA 9 - Paul Thin Milo J: Bzrp Music Sessions, Vol. 57
27%
GALA 7 - Álvaro Mayo Please Don't Go
27%
GALA 2 - Grupal Alright
26%
GALA 10 - Naiara Despechá
26%
GALA 9 - Chiara Kill Bill
26%
GALA 7 - Juanjo La nave del olvido
26%
GALA 3 - Paul, Lucas y Cris Back for Good
25%
GALA 4 - Grupal Sweet Caroline
25%
GALA NAVIDAD - Ruslana y Bea Te regalo
25%
GALA 5 - Grupal Un año más
25%
GALA 11 - Naiara Let's Get Loud
24%
GALA 11 - Lucas Mariposa tecknicolor
24%
GALA 8 - Grupal Believe
23%
GALA 0 - Lucas De música ligera
23%
GALA 9 - Martin Footloose
23%
GALA 9 - Grupal Solo quiero bailar
23%
GALA 12 (1ª ronda) - Juanjo Without you
23%
GALA 12 (1ª ronda) - Paul Thin Baby hello
22%
GALA 0 - Juanjo Crazy Little Thing Called Love
22%
GALA 9 - Álvaro Mayo I Want Love
22%
GALA 10 - Paul Thin Paenamorar
22%
GALA 5 - Chiara y Cris Stumblin' In
22%
GALA 10 - Juanjo Take On Me
22%
GALA 4 - Cris y Álvaro I Drove All Night
20%
GALA 11 - Martin Murder on the Dancefloor
20%
GALA 8 - Lucas One Way or Another
20%
GALA 7 - Lucas y Cris Todo de ti
20%
GALA 6 - Paul When The Party's Over
20%
GALA 10 - Lucas I Don't Want to Miss a Thing
19%
GALA 9 - Lucas Nada cambiará mi amor por ti
19%
GALA 12 (1ª ronda) - Lucas Pillowtalk
19%
GALA 7 - Naiara y Bea Sweet but Psycho
19%
GALA 0 - Álvaro Mayo ...Baby One More Time
18%
GALA 10 - Grupal We Are Young
18%
GALA NAVIDAD - Grupal Navidad, Navidad
17%
GALA NAVIDAD - Naiara y Salma Farolito (Little Star)
16%
GALA 0 - Alex Juramento eterno de sal
16%
GALA 8 - Bea Make You Feel My Love
16%
GALA 0 - Cris Pasos de cero
16%
GALA 10 - Chiara You Oughta Know
16%
GALA NAVIDAD - Martin y Cris Last Christmas
15%
GALA 9 - Bea River Deep, Mountain High
15%
GALA 11 - Bea Bette Davis Eyes
14%
GALA 0 - Suzete Di mi nombre
14%
GALA 0 - Omar Canela en rama
13%
GALA 0 - Chiara For Once in My Life
13%
GALA 7 - Grupal Just Can't Get Enough
13%
GALA NAVIDAD - Violeta y Denna Santa's Coming for Us
13%
GALA 0 - Salma Historia de un amor
11%
GALA 10 - Martin Ya no te hago falta
11%
GALA NAVIDAD - Grupal Happy Xmas (War is Over)
10%
GALA NAVIDAD - Chiara y Suzete Rockin' Around the Christmas Tree
10%
GALA NAVIDAD - Paul y Omar High
7%
GALA NAVIDAD - Lucas y Alex Bendita tu luz
6%
GALA 0 - Bea Never Can Say Goodbye
6%
GALA NAVIDAD - Juanjo y Álvaro It's the Most Wonderful Time of the Year
3%
No se encontraron pruebas coincidentes
Distribución de puntuación
Porcentaje de gente con cada puntuación
Porcentaje por número respondido
Historial de tus puntuaciones
No has intentado esta prueba.